| 000 | 00625nam a22002057a 4500 | ||
|---|---|---|---|
| 005 | 20250528170339.0 | ||
| 010 | _aENG- 145064 ENG-142916-917 | ||
| 020 | _c50.00 | ||
| 035 | _aEN-126448 | ||
| 035 | _aEN-128596 | ||
| 035 | _aEN-126449 | ||
| 037 | _bDBAD | ||
| 082 | _2881 | ||
| 100 |
_aMallilarjunaiah, V. _981427 |
||
| 245 |
_aAmorous Aspirations/ _cBy V. Mallilarjunaiah, |
||
| 260 |
_aBangalore _bAsha Prakashana _c2020 |
||
| 270 |
_aNo. 1 Meenakshi Apartments, @nd Cross Opp Brindavan College, Bhoopasandra _bBangalore _e560094 |
||
| 300 |
_axvii, 52p. _c21cm(pb) |
||
| 942 |
_2ddc _cEN _h881 _mMAL |
||
| 999 |
_c207512 _d207512 |
||